Continuing education in action : residential centers for lifelong learning.

-д хадгалсан:
Номзүйн дэлгэрэнгүй
Үндсэн зохиолч: Alford, Harold J. (autor)
Формат: Ном
Хэл сонгох:англи
Нөхцлүүд:
Шошгууд: Шошго нэмэх
Шошго байхгүй, Энэхүү баримтыг шошголох эхний хүн болох!

MARC

LEADER 00000cam^a2200000uu^4500
001 000470777
005 20250521000000.0
008 050901s^^^^^^^^^^^^^^^^rd^r^^000^0^eng^d
009 20260310124608.609
035 |a FCE 000013565 
035 |a FCE 002243 
037 |a Acervo ITESO - Biblioteca 
041 |a eng 
082 0 4 |a 374  |b A168c 
100 |a Alford, Harold J.  |e (autor) 
245 1 0 |a Continuing education in action :  |b residential centers for lifelong learning. 
264 |a New York :  |b John Wiley & Sons,  |c [19--]. 
300 |a 153 p. 
336 |a texto  |b txt  |2 rdacontenido 
337 |a sin mediación  |b n  |2 rdamedio 
338 |a volumen  |b nc  |2 rdasoporte 
649 |a XX 
650 |a Educación de adultos 
910 |a Fondo Centro de Estudios Educativos 
920 |a Impresos - Libros 
930 |a Fondos Especiales 
905 |a 133 
901 |a ALE002243  |b IT2  |c CEE  |u 20250521 
901 |a ALE067706  |b IT2  |c CEE  |u 20250521 
902 |a https://opac.biblio.iteso.mx/vufind/Record/000470777